[Event "I Open Oro Caffe'"]
[Site "Udine ITA"]
[Date "2008.07.09"]
[Round "5"]
[White "Pagnutti, Lorenzo"]
[Black "Castellano, Alfonso"]
[Result "1-0"]
[WhiteElo "2036"]
[BlackElo "1926"]
[PlyCount "56"]
[EventDate "2008.07.05"]

1. e4 c5 2. c3 Nf6 3. e5 Nd5 4. d4 cxd4 5. Nf3 Nc6 6. cxd4 d6 7. Bc4 Nb6 8. Bb3
e6 9. O-O Be7 10. Nc3 O-O 11. Qe2 a6 12. a3 Qc7 13. Qe4 dxe5 14. dxe5 Nd7 15.
Bc2 g6 16. Bh6 Rd8 17. Rfe1 b5 18. Qf4 Bb7 19. Rac1 Rac8 20. h4 Ba8 21. h5 Qb7
22. hxg6 hxg6 23. Qg3 Kh7 24. Ng5+ Bxg5 25. Bxg5 Ncxe5 26. Be4 Qb8 27. Bxa8 Nd3
28. Qxd3 Nc5 1-0

[Event "I Open Oro Caffe'"]
[Site "Udine ITA"]
[Date "2008.07.09"]
[Round "5"]
[White "Pecchiari, Alberto"]
[Black "Conti, Franco"]
[Result "1-0"]
[WhiteElo "1419"]
[BlackElo "1386"]
[PlyCount "111"]
[EventDate "2008.07.05"]

1. e4 e5 2. Nf3 Nf6 3. Nc3 Bc5 4. Bc4 O-O 5. O-O Bd4 6. d3 c6 7. Nxd4 exd4 8.
Ne2 d5 9. exd5 cxd5 10. Bb3 Nc6 11. h3 Re8 12. Bg5 b5 13. Bxf6 gxf6 14. Nf4 Be6
15. a3 Kh8 16. Re1 Qd6 17. Qf3 Ne7 18. Nxe6 fxe6 19. Qxf6+ Kg8 20. Qxe6+ Qxe6
21. Rxe6 Kf7 22. Rae1 Ng6 23. Rxe8 Rxe8 24. Rxe8 Kxe8 25. Bxd5 Ke7 26. Bc6 a6
27. Bb7 a5 28. b4 axb4 29. axb4 Nf4 30. Kf1 Kd6 31. h4 h6 32. g3 Nh5 33. Kg2
Kc7 34. Be4 Nf6 35. Kf3 Nd7 36. Kf4 Nb8 37. Ke5 Na6 38. Kxd4 Nxb4 39. Kc5 Nxc2
40. Kxb5 Nd4+ 41. Kc4 Ne6 42. Kd5 Ng7 43. g4 Kd7 44. Ke5 Ke7 45. Bg6 Ne6 46. d4
Nc7 47. d5 Nb5 48. f4 Nd6 49. g5 hxg5 50. hxg5 Nc4+ 51. Kd4 Nd6 52. f5 Nb5+ 53.
Ke5 Kf8 54. f6 Kg8 55. d6 Kh8 56. d7 1-0

[Event "I Open Oro Caffe'"]
[Site "Udine ITA"]
[Date "2008.07.09"]
[Round "5"]
[White "Prelec, Fausto"]
[Black "Venuti, Federico"]
[Result "0-1"]
[WhiteElo "1452"]
[BlackElo "1598"]
[PlyCount "118"]
[EventDate "2008.07.05"]

1. c4 c5 2. Nc3 Nc6 3. Nf3 Nf6 4. e3 d6 5. Be2 g6 6. O-O Bg7 7. Rb1 O-O 8. d4
cxd4 9. exd4 Bf5 10. Bd3 Bg4 11. Be2 Rc8 12. Be3 a6 13. a3 e6 14. Rc1 d5 15. h3
Bxf3 16. Bxf3 dxc4 17. Na4 b6 18. Bxc6 Rxc6 19. d5 Nxd5 20. Bd4 e5 21. Be3 Nxe3
22. fxe3 b5 23. Qf3 Rf6 24. Rfd1 Rxf3 25. Rxd8 Rxd8 26. gxf3 bxa4 27. Rxc4 Rb8
28. e4 Rxb2 29. Rxa4 Bf8 30. Rxa6 Bc5+ 31. Kh1 Ra2 32. a4 Kg7 33. Ra8 Ra3 34.
Kg2 h5 35. a5 Bb6 36. a6 g5 37. h4 f6 38. hxg5 fxg5 39. Re8 Ra2+ 40. Kh3 Rxa6
41. Rxe5 Be3 42. Rd5 Kf6 43. Rb5 Bf4 44. Rb2 Ra1 45. Kg2 h4 46. Re2 Rd1 47. Rc2
Rd2+ 48. Rxd2 Bxd2 49. Kh3 Ke5 50. Kg4 Be3 51. Kh3 Kf4 52. Kg2 Bd4 53. e5 Bxe5
54. Kh3 Ke3 55. Kg2 Bf6 56. Kh2 Kxf3 57. Kh3 g4+ 58. Kh2 g3+ 59. Kh3 Kf2 0-1

[Event "I Open Oro Caffe'"]
[Site "Udine ITA"]
[Date "2008.07.09"]
[Round "5"]
[White "Santacroce, Fidel"]
[Black "Fermo, Ruggero"]
[Result "1/2-1/2"]
[WhiteElo "1547"]
[BlackElo "1765"]
[PlyCount "56"]
[EventDate "2008.07.05"]

1. e4 e5 2. Nf3 Nc6 3. Bc4 Be7 4. d4 d6 5. h3 Nf6 6. Nc3 O-O 7. a3 a6 8. O-O h6
9. Re1 Rb8 10. b4 b5 11. Ba2 exd4 12. Nxd4 Nxd4 13. Qxd4 Nd7 14. Nd5 c5 15.
Nxe7+ Qxe7 16. Qd3 c4 17. Qg3 Qe6 18. Bb2 Qg6 19. Qxg6 fxg6 20. Rad1 Rb6 21. f3
g5 22. Rd2 Re8 23. Bd4 Rc6 24. c3 Nf8 25. Bb1 g6 26. Kf2 Kf7 27. Be3 Ne6 28.
Red1 Ke7 1/2-1/2

[Event "I Open Oro Caffe'"]
[Site "Udine ITA"]
[Date "2008.07.09"]
[Round "5"]
[White "Viola, Enrico"]
[Black "Degano, Emanuele"]
[Result "1-0"]
[WhiteElo "1560"]
[BlackElo "1647"]
[PlyCount "61"]
[EventDate "2008.07.05"]

1. d4 d5 2. c4 c6 3. Nf3 Nf6 4. Nc3 dxc4 5. a4 Bf5 6. Ne5 Nbd7 7. Nxc4 Qc7 8.
f3 e6 9. e4 Bg6 10. Bd3 Be7 11. O-O O-O 12. Be3 Nb6 13. Ne5 Bd6 14. f4 Bxe5 15.
dxe5 Bh5 16. Qe1 Ng4 17. Bc5 Rfd8 18. Bd6 Qd7 19. h3 Nh6 20. g4 Bxg4 21. hxg4
Nxg4 22. Qg3 Nh6 23. Rad1 Nc8 24. Bc5 b6 25. Be3 Ne7 26. f5 Nhxf5 27. exf5 Qc8
28. f6 Ng6 29. Bxg6 hxg6 30. fxg7 Kxg7 31. Qg5 1-0

[Event "I Open Oro Caffe'"]
[Site "Udine ITA"]
[Date "2008.07.09"]
[Round "5"]
[White "Viola, Enrico"]
[Black "Degano, Emanuele"]
[Result "1-0"]
[WhiteElo "1560"]
[BlackElo "1647"]
[PlyCount "61"]
[EventDate "2008.07.05"]

1. d4 d5 2. c4 c6 3. Nf3 Nf6 4. Nc3 dxc4 5. a4 Bf5 6. Ne5 Nbd7 7. Nxc4 Qc7 8.
f3 e6 9. e4 Bg6 10. Bd3 Be7 11. O-O O-O 12. Be3 Nb6 13. Ne5 Bd6 14. f4 Bxe5 15.
dxe5 Bh5 16. Qe1 Ng4 17. Bc5 Rfd8 18. Bd6 Qd7 19. h3 Nh6 20. g4 Bxg4 21. hxg4
Nxg4 22. Qg3 Nh6 23. Rad1 Nc8 24. Bc5 b6 25. Be3 Ne7 26. f5 exf5 27. exf5 Qc8
28. f6 Ng6 29. Bxg6 hxg6 30. fxg7 Kxg7 31. Qg5 1-0

[Event "I Open Oro Caffe'"]
[Site "Udine ITA"]
[Date "2008.07.10"]
[Round "6"]
[White "Bortolosso, Mario"]
[Black "Orsatti, Marcello"]
[Result "0-1"]
[WhiteElo "1530"]
[BlackElo "2004"]
[PlyCount "68"]
[EventDate "2008.07.05"]

1. e4 d6 2. d4 Nf6 3. Nc3 c6 4. Bg5 Qa5 5. Bxf6 exf6 6. Nf3 Bg4 7. h3 Be6 8.
Bd3 Nd7 9. O-O d5 10. Re1 Bb4 11. Qd2 O-O 12. e5 h6 13. a3 Bxc3 14. bxc3 Qc7
15. Re3 fxe5 16. Nxe5 Nxe5 17. Rxe5 Qd7 18. Rae1 Rae8 19. Qe3 Qd8 20. Qg3 Bd7
21. R1e3 Rxe5 22. Rxe5 Re8 23. Rh5 Qb8 24. f4 Qd6 25. Qf3 Qxa3 26. f5 Qc1+ 27.
Kh2 f6 28. c4 Qe3 29. Qg3 a5 30. cxd5 Qxg3+ 31. Kxg3 a4 32. Kf2 a3 33. c4 a2
34. dxc6 a1=Q 0-1

[Event "I Open Oro Caffe'"]
[Site "Udine ITA"]
[Date "2008.07.10"]
[Round "6"]
[White "Bortolosso, Paolo"]
[Black "Del Forno Sinicco, Michele"]
[Result "1-0"]
[WhiteElo "1464"]
[BlackElo "1559"]
[PlyCount "29"]
[EventDate "2008.07.05"]

1. e4 e6 2. Nf3 d5 3. exd5 exd5 4. d4 Nf6 5. Nc3 c6 6. Bd2 Bd6 7. Bd3 O-O 8.
Be3 Re8 9. Qd2 Bg4 10. O-O-O Bxf3 11. gxf3 Nbd7 12. Rdg1 Qc7 13. Bh6 Nh5 14.
Ne2 Kh8 15. Bxg7+ 1-0

[Event "I Open Oro Caffe'"]
[Site "Udine ITA"]
[Date "2008.07.10"]
[Round "6"]
[White "Castellano, Alfonso"]
[Black "Muzzolini, Claudio"]
[Result "1-0"]
[WhiteElo "1926"]
[BlackElo "1868"]
[PlyCount "65"]
[EventDate "2008.07.05"]

1. c4 e5 2. Nc3 Nc6 3. g3 Nf6 4. Bg2 Rb8 5. Nf3 a6 6. a3 b5 7. cxb5 axb5 8. b4
d5 9. d4 e4 10. Ne5 Qd6 11. Bf4 Qe6 12. h4 Nxe5 13. dxe5 Qc6 14. Rc1 Be6 15.
exf6 Rb7 16. Nxe4 Qa6 17. fxg7 Bxg7 18. Nc5 Qxa3 19. Nxb7 Qxb4+ 20. Qd2 Qxd2+
21. Kxd2 O-O 22. Rxc7 Ra8 23. Rhc1 b4 24. Nc5 Ra2+ 25. Kd1 Bc3 26. Nxe6 fxe6
27. Bh3 Ra6 28. Re7 d4 29. Bh6 b3 30. Bxe6+ Rxe6 31. Rxe6 Kf7 32. Rb6 b2 33.
Rb1 1-0

[Event "I Open Oro Caffe'"]
[Site "Udine ITA"]
[Date "2008.07.10"]
[Round "6"]
[White "Conti, Franco"]
[Black "Prelec, Fausto"]
[Result "0-1"]
[WhiteElo "1386"]
[BlackElo "1452"]
[PlyCount "112"]
[EventDate "2008.07.05"]

1. d4 Nf6 2. c4 e6 3. Nc3 d5 4. e3 c6 5. Bd3 Be7 6. Nge2 Nbd7 7. c5 Qc7 8. f4
b6 9. b4 b5 10. Ng3 Bb7 11. O-O a5 12. Rb1 g6 13. a3 axb4 14. axb4 Bf8 15. Bc2
Bg7 16. e4 dxe4 17. Ngxe4 O-O 18. Nd6 Nd5 19. Nce4 f5 20. Ng5 Rf6 21. Qe1 Nf8
22. Rf3 Bc8 23. Bb3 Bd7 24. Rh3 h6 25. Nf3 Ra6 26. Ne5 Qa7 27. Bxd5 exd5 28.
Bd2 Ra2 29. Bc3 Ra4 30. Ra1 Re6 31. Qd1 Rf6 32. Nxd7 Nxd7 33. Re3 Nf8 34. Nc8
Rxa1 35. Qxa1 Qxa1+ 36. Bxa1 Re6 37. Rxe6 Nxe6 38. Ne7+ Kf7 39. Nxc6 Nxf4 40.
Kf2 Nd3+ 41. Ke3 Ne1 42. g3 Nc2+ 43. Kd3 Nxa1 44. Kc3 Ke6 45. Na7 Kd7 46. Nxb5
Kc6 47. Nd6 Nc2 48. b5+ Kc7 49. Ne8+ Kb7 50. Nxg7 Na3 51. Ne6 Nxb5+ 52. Kb4 Na7
53. Nf4 Nc6+ 54. Kc3 Ne7 55. Kb3 g5 56. Ne6 Kc6 0-1

[Event "I Open Oro Caffe'"]
[Site "Udine ITA"]
[Date "2008.07.10"]
[Round "6"]
[White "Fantini, Marco"]
[Black "Capizzi, Biagio"]
[Result "1/2-1/2"]
[WhiteElo "2067"]
[BlackElo "1820"]
[PlyCount "58"]
[EventDate "2008.07.05"]

1. d4 d5 2. Nc3 Nf6 3. Bg5 e6 4. e4 dxe4 5. Nxe4 Be7 6. Nxf6+ Bxf6 7. Bxf6 Qxf6
8. Nf3 O-O 9. Bd3 c5 10. O-O Nc6 11. dxc5 Qxb2 12. Ng5 h6 13. Qh5 Qe5 14. h4 f5
15. Rae1 Qf6 16. Nh3 e5 17. Rb1 Rb8 18. Rb3 Be6 19. Ra3 Qe7 20. Rc3 Qf6 21. Bc4
Nd4 22. Re1 Bf7 23. Kh1 Rbc8 24. Ng1 Bxc4 25. Rxc4 b6 26. Nf3 Nxf3 27. Qxf3 e4
28. Qb3 Qxh4+ 29. Kg1 Kh8 1/2-1/2

[Event "I Open Oro Caffe'"]
[Site "Udine ITA"]
[Date "2008.07.10"]
[Round "6"]
[White "Fermo, Ruggero"]
[Black "Bisaro, Andrea"]
[Result "1-0"]
[WhiteElo "1765"]
[BlackElo "1614"]
[PlyCount "42"]
[EventDate "2008.07.05"]

1. e4 Nc6 2. c4 Nf6 3. Nc3 g6 4. d4 d6 5. h3 Bg7 6. Nf3 O-O 7. Be3 e5 8. d5 Ne7
9. Be2 Ne8 10. O-O f5 11. exf5 Nxf5 12. Bg5 Bf6 13. Ne4 Bxg5 14. Nexg5 Nf6 15.
Qd3 Ng7 16. Rac1 Ngh5 17. Ne4 Nf4 18. Qc2 Bd7 19. a4 Qc8 20. Ne1 Bxh3 21. Nxf6+
Rxf6 1-0

[Event "I Open Oro Caffe'"]
[Site "Udine ITA"]
[Date "2008.07.10"]
[Round "6"]
[White "Gabassi, Cristina"]
[Black "Cisilino, Oscar"]
[Result "1-0"]
[WhiteElo "1530"]
[BlackElo "1727"]
[PlyCount "87"]
[EventDate "2008.07.05"]

1. e4 d5 2. exd5 Qxd5 3. Nc3 Qa5 4. d4 c6 5. Bd2 Qc7 6. Bc4 Nf6 7. Nge2 Bg4 8.
Bf4 Qxf4 9. Nxf4 Bxd1 10. Rxd1 e6 11. O-O Bd6 12. Nh3 h6 13. f3 Nbd7 14. Ne4
Bc7 15. Rfe1 O-O 16. Nhf2 Nd5 17. Nd3 a5 18. Bxd5 cxd5 19. Nec5 Nxc5 20. Nxc5
b5 21. Nd3 Rac8 22. Rd2 Rfe8 23. a3 Bb6 24. c3 a4 25. Rde2 Re7 26. f4 g6 27. g4
Rce8 28. Nb4 Bd8 29. Nc6 Rc7 30. Nxd8 Rxd8 31. f5 gxf5 32. gxf5 Re7 33. fxe6 f6
34. Kf2 Rd6 35. Kf3 Kh7 36. Kf4 Rd8 37. Rg2 Rf8 38. Kf5 Rg7 39. Rxg7+ Kxg7 40.
e7 Re8 41. Ke6 f5 42. Rg1+ Kh7 43. Kd7 Rb8 44. e8=Q 1-0

[Event "I Open Oro Caffe'"]
[Site "Udine ITA"]
[Date "2008.07.10"]
[Round "6"]
[White "Gabassi, Francesco"]
[Black "Giancotti, Eraldo"]
[Result "0-1"]
[WhiteElo "1894"]
[BlackElo "2092"]
[PlyCount "126"]
[EventDate "2008.07.05"]

1. e4 g6 2. d4 Bg7 3. Nf3 d6 4. h3 Nd7 5. Be2 a6 6. O-O b5 7. Re1 Bb7 8. Bf1 c5
9. d5 Ngf6 10. c3 O-O 11. Bf4 Nh5 12. Bh2 Re8 13. Bd3 Rb8 14. Qc2 c4 15. Be2
Rc8 16. Nbd2 Nc5 17. Nd4 Nf6 18. Bf3 Nfd7 19. Bg4 h5 20. Be2 Qb6 21. Rad1 Ne5
22. Bxe5 dxe5 23. N4f3 e6 24. Nf1 exd5 25. exd5 e4 26. Ng5 Nd3 27. Bxd3 exd3
28. Qd2 Bxd5 29. Qf4 Qf6 30. Qg3 Bh6 31. h4 b4 32. Ne3 Be6 33. Nxe6 Rxe6 34.
Nd5 Qd8 35. Rxe6 Qxd5 36. Re5 Qb7 37. Rxh5 Bg7 38. Qg5 bxc3 39. bxc3 Qb2 40.
Qg4 Re8 41. Qxc4 d2 42. Kh2 Re1 43. Rg5 a5 44. Rxg6 Rxd1 45. Rxg7+ Kxg7 46.
Qg4+ Kf8 47. Qxd1 Qc1 48. Qh5 d1=Q 49. Qh8+ Ke7 50. Qe5+ Kd7 51. Qf5+ Kc6 52.
Qc8+ Kb5 53. Qb7+ Kc5 54. Qc7+ Kd5 55. Qxf7+ Kc5 56. Qc7+ Kb5 57. Qb7+ Kc4 58.
Qa6+ Kxc3 59. Qxa5+ Kd3 60. Qd5+ Ke2 61. Qf3+ Kf1 62. Qh3 Qcd2 63. Qe6 Qd6+ 0-1

[Event "I Open Oro Caffe'"]
[Site "Udine ITA"]
[Date "2008.07.10"]
[Round "6"]
[White "Licandro, Michele"]
[Black "Canciani, Sardo"]
[Result "0-1"]
[WhiteElo "1487"]
[BlackElo "1529"]
[PlyCount "65"]
[EventDate "2008.07.05"]

1. d4 f5 2. Nf3 Nf6 3. e3 e6 4. Bd3 d5 5. Nbd2 c6 6. O-O Be7 7. c4 O-O 8. Qb3
Qc7 9. Ne5 g6 10. Ndf3 Nbd7 11. Bd2 Nxe5 12. Nxe5 Nd7 13. f4 Nxe5 14. fxe5 Bd7
15. cxd5 exd5 16. Rac1 Be6 17. Bb4 Rae8 18. a3 Rc8 19. Bxe7 Qxe7 20. g3 Rc7 21.
Rf2 Rfc8 22. Rfc2 c5 23. Qa4 b6 24. Ba6 Rd8 25. Bd3 cxd4 26. exd4 Rcc8 27. Ba6
Rxc2 28. Rxc2 Bc8 29. Bb5 Bb7 30. Kg2 Rc8 31. Kg1 Rxc2 32. Qxc2 h6 33. Qa4 0-1

[Event "I Open Oro Caffe'"]
[Site "Udine ITA"]
[Date "2008.07.10"]
[Round "6"]
[White "Petrosino, Germano"]
[Black "Viola, Enrico"]
[Result "1/2-1/2"]
[WhiteElo "1832"]
[BlackElo "1560"]
[PlyCount "59"]
[EventDate "2008.07.05"]

1. e4 c5 2. Nf3 Nc6 3. d4 cxd4 4. Nxd4 Nf6 5. Nc3 e5 6. Ndb5 d6 7. Bg5 a6 8.
Na3 b5 9. Nd5 Be6 10. c4 b4 11. Qa4 Bd7 12. Nxb4 Nd4 13. Qd1 Qa5 14. Bd2 Nxe4
15. Nd5 Nxd2 16. Qxd2 Qxd2+ 17. Kxd2 Rb8 18. b3 g6 19. Bd3 Bg7 20. Rae1 O-O 21.
h4 f5 22. f3 Bh6+ 23. Kc3 Bg7 24. Kd2 e4 25. Be2 Rfe8 26. Nc2 Bc6 27. Nxd4 Bxd5
28. Nc2 exf3 29. Bxf3 Bxf3 30. gxf3 1/2-1/2

[Event "I Open Oro Caffe'"]
[Site "Udine ITA"]
[Date "2008.07.10"]
[Round "6"]
[White "Picco, Ruggero"]
[Black "Naumkin, Igor"]
[Result "0-1"]
[WhiteElo "2128"]
[BlackElo "2502"]
[PlyCount "72"]
[EventDate "2008.07.05"]

1. e4 e6 2. d3 d5 3. Nd2 Nf6 4. Ngf3 Nc6 5. g3 dxe4 6. dxe4 Bc5 7. Bg2 O-O 8.
O-O e5 9. b3 Qe7 10. Bb2 b6 11. Qe2 a5 12. a4 Ba6 13. Nc4 Rad8 14. Rad1 Rxd1
15. Rxd1 Ng4 16. Rf1 Rd8 17. h3 Nf6 18. Kh2 Qe6 19. Nfd2 Nd4 20. Bxd4 Rxd4 21.
c3 Rd8 22. f4 exf4 23. gxf4 g6 24. e5 Nh5 25. f5 Qe7 26. Qe1 Rd3 27. Rf3 Rd8
28. Qe4 Bc8 29. e6 Nf6 30. exf7+ Kg7 31. Qh4 Bxf5 32. Rxf5 gxf5 33. Qg5+ Kxf7
34. Qxf5 Rxd2 35. Nxd2 Qd6+ 36. Kh1 Qxd2 0-1

[Event "I Open Oro Caffe'"]
[Site "Udine ITA"]
[Date "2008.07.10"]
[Round "6"]
[White "Punteri, Marco"]
[Black "Capaliku, Aleks"]
[Result "1-0"]
[WhiteElo "2011"]
[BlackElo "2114"]
[PlyCount "79"]
[EventDate "2008.07.05"]

1. e4 c5 2. Nf3 e6 3. d4 cxd4 4. Nxd4 Nf6 5. Nc3 d6 6. Be2 a6 7. O-O Qc7 8. a4
b6 9. f4 Nbd7 10. Kh1 h5 11. Bf3 Bb7 12. Qe2 Rc8 13. Be3 e5 14. Nb3 Be7 15. Qf2
exf4 16. Bxf4 Ne5 17. Nd4 g6 18. Rae1 O-O 19. Bd1 Nh7 20. Nd5 Bxd5 21. exd5 Bf6
22. Qg3 Qc5 23. c3 Qxd5 24. Bb3 h4 25. Qh3 Qb7 26. Bh6 Rfe8 27. Rxf6 Nxf6 28.
Qxh4 Neg4 29. Rf1 Qe7 30. Bg5 Rc5 31. h3 Rxg5 32. Qxg5 Qe5 33. Qxe5 Rxe5 34.
hxg4 Nxg4 35. Bxf7+ Kg7 36. Bb3 d5 37. Bd1 Ne3 38. Re1 Kf6 39. Kg1 Nxd1 40.
Rxd1 1-0

[Event "I Open Oro Caffe'"]
[Site "Udine ITA"]
[Date "2008.07.10"]
[Round "6"]
[White "Rossi, Francesco"]
[Black "Muradore, Aldo"]
[Result "1-0"]
[WhiteElo "1677"]
[BlackElo "1550"]
[PlyCount "45"]
[EventDate "2008.07.05"]

1. e4 c5 2. Nf3 d6 3. d4 cxd4 4. Nxd4 Nf6 5. Nc3 e6 6. Bc4 Be7 7. O-O O-O 8.
Bb3 a6 9. a4 Bd7 10. Kh1 Nc6 11. f4 Nxd4 12. Qxd4 Qc7 13. e5 dxe5 14. fxe5 Bc5
15. Qf4 Ne8 16. Ne4 Be7 17. Qg3 Kh8 18. Bg5 Bxg5 19. Nxg5 Qc5 20. Nxf7+ Kg8 21.
Ng5 Qe7 22. Rxf8+ Qxf8 23. Qd3 1-0

[Event "I Open Oro Caffe'"]
[Site "Udine ITA"]
[Date "2008.07.10"]
[Round "6"]
[White "Tonon, Alessandro"]
[Black "Pagnutti, Lorenzo"]
[Result "1/2-1/2"]
[WhiteElo "2227"]
[BlackElo "2036"]
[PlyCount "75"]
[EventDate "2008.07.05"]

1. d4 Nf6 2. c4 g6 3. Nc3 Bg7 4. e4 d6 5. Nf3 O-O 6. Be2 e5 7. d5 Na6 8. Bg5 h6
9. Bh4 g5 10. Bg3 Nh5 11. Nd2 Nf4 12. O-O Nc5 13. Nb3 Nxe4 14. Nxe4 Nxe2+ 15.
Qxe2 f5 16. f3 fxe4 17. fxe4 Bd7 18. Rxf8+ Qxf8 19. Nd2 Qe7 20. Nf1 Qf7 21. Nd2
Rf8 22. Rf1 Qe8 23. Bf2 b6 24. Be3 Qc8 25. Rxf8+ Bxf8 26. Nb1 Bg4 27. Qf1 Bh5
28. Nc3 Bg6 29. Qf3 Bf7 30. a3 a6 31. h3 Qe8 32. b4 Kh7 33. g4 Be7 34. Qf5+ Bg6
35. Qe6 Bf7 36. Qf5+ Bg6 37. Qe6 Bf7 38. Qf5+ 1/2-1/2

[Event "I Open Oro Caffe'"]
[Site "Udine ITA"]
[Date "2008.07.10"]
[Round "6"]
[White "Venuti, Federico"]
[Black "Santacroce, Fidel"]
[Result "1/2-1/2"]
[WhiteElo "1598"]
[BlackElo "1547"]
[PlyCount "65"]
[EventDate "2008.07.05"]

1. d4 d6 2. e3 Nf6 3. Bd3 Nc6 4. Nf3 a6 5. O-O g6 6. c3 Bg7 7. e4 O-O 8. Bg5 b5
9. Nbd2 h6 10. Bh4 g5 11. Bg3 Bg4 12. a3 Re8 13. h3 Bh5 14. Qc2 Nd7 15. Rfe1 e5
16. Rac1 exd4 17. Nxd4 Nxd4 18. cxd4 Bxd4 19. Nb3 Bb6 20. Qc6 Ne5 21. Bxe5 Rxe5
22. a4 bxa4 23. Qxa4 Qf6 24. Rf1 Bg6 25. Qc6 Rae8 26. Nd2 R5e6 27. Nc4 Bxe4 28.
Bxe4 Rxe4 29. Nxb6 cxb6 30. Qxb6 R4e6 31. Qxa6 Qxb2 32. Qc6 Kg7 33. Rcd1
1/2-1/2

[Event "I Open Oro Caffe'"]
[Site "Udine ITA"]
[Date "2008.07.10"]
[Round "6"]
[White "Zuttioni, Federico"]
[Black "Giordano, Massimiliano"]
[Result "0-1"]
[WhiteElo "1746"]
[BlackElo "1912"]
[PlyCount "95"]
[EventDate "2008.07.05"]

1. e4 Nf6 2. e5 Nd5 3. Nc3 Nxc3 4. dxc3 d6 5. Bc4 Nc6 6. Nf3 e6 7. Qe2 d5 8.
Bd3 Be7 9. Bf4 f5 10. O-O-O Bd7 11. c4 Nb4 12. Bxf5 O-O 13. Nd4 exf5 14. c3 Nc6
15. cxd5 Nxd4 16. Rxd4 g5 17. e6 gxf4 18. exd7 Qxd7 19. Kb1 Rae8 20. Qh5 Bd6
21. g3 Re4 22. Rdd1 Qf7 23. Qf3 Rfe8 24. Rhg1 fxg3 25. hxg3 Qg6 26. Qd3 Qh5 27.
f3 R4e7 28. g4 fxg4 29. Rxg4+ Rg7 30. Qb5 Qf5+ 31. Ka1 Ree7 32. Qxb7 Rxg4 33.
fxg4 Qxg4 34. Rf1 Rf7 35. Re1 Qh3 36. Qb8+ Kg7 37. Rg1+ Bg3 38. Qb5 h5 39. Qd3
h4 40. Qd4+ Kg8 41. Qc4 Qf5 42. a3 Kh7 43. Ka2 Rd7 44. Rd1 h3 45. Qc6 h2 46. a4
Rg7 47. Qc4 Qf3 48. Rf1 0-1

[Event "C.to Italiano U10"]
[Site "Merano - Meran ITA"]
[Date "2008.07.08"]
[Round "3"]
[White "Ferraro, Federico"]
[Black "Briata, Federico"]
[Result "1-0"]
[WhiteElo "1419"]
[BlackElo "1440"]
[PlyCount "80"]
[EventDate "2008.07.06"]

1. e4 e5 2. Nf3 Nc6 3. Bc4 h6 4. Nc3 Nf6 5. d3 Bc5 6. Be3 Bxe3 7. fxe3 O-O 8.
O-O d6 9. Qe2 Bg4 10. Rae1 Nb4 11. a3 Nc6 12. h3 Bh5 13. Qf2 Qe7 14. Nd5 Nxd5
15. exd5 Na5 16. b4 Nxc4 17. dxc4 b6 18. b5 Rfe8 19. e4 Qf6 20. Re3 a5 21. Nd2
Qxf2+ 22. Rxf2 Bd1 23. Rc3 Rf8 24. Rf1 Be2 25. Re1 Bh5 26. Nf3 f5 27. exf5 Rxf5
28. g4 Bxg4 29. hxg4 Rf4 30. Nh2 Raf8 31. Rf1 Rxf1+ 32. Nxf1 Rf4 33. Nh2 a4 34.
Kg2 Kf7 35. Kg3 g5 36. Rf3 Kg6 37. Rxf4 gxf4+ 38. Kf3 Kg5 39. c3 Kf6 40. Nf1
Kg5 1-0

[Event "C.to Italiano U12"]
[Site "Merano - Meran ITA"]
[Date "2008.07.08"]
[Round "2"]
[White "Mastrolonardo, Francesco"]
[Black "Ferrari, Riccardo"]
[Result "1-0"]
[WhiteElo "1326"]
[BlackElo "1356"]
[PlyCount "65"]
[EventDate "2008.07.06"]

1. d4 d5 2. Nf3 Nc6 3. e3 Nf6 4. c3 e6 5. Bd3 Bd6 6. Nbd2 Bd7 7. O-O e5 8. e4
O-O 9. a3 Re8 10. Re1 dxe4 11. Nxe4 Nxe4 12. Bxe4 f6 13. Qb3+ Kh8 14. Qf7 Qe7
15. Qh5 h6 16. Bxh6 gxh6 17. Qxh6+ Kg8 18. Qg6+ Qg7 19. Bd5+ Kf8 20. Qd3 Ke7
21. c4 Be6 22. Bxc6 Rg8 23. g3 Rad8 24. Bxb7 Qg6 25. Be4 f5 26. Nh4 Qg4 27.
Nxf5+ Kf6 28. Nh6 Qh3 29. Nxg8+ Rxg8 30. Bg2 Qh6 31. Qf3+ Ke7 32. c5 Bxc5 33.
dxc5 1-0

[Event "C.to Italiano U12"]
[Site "Merano - Meran ITA"]
[Date "2008.07.08"]
[Round "3"]
[White "Teutsch, Alexander"]
[Black "Codenotti, Marco"]
[Result "0-1"]
[WhiteElo "1530"]
[BlackElo "2055"]
[PlyCount "76"]
[EventDate "2008.07.06"]

1. Nf3 Nf6 2. g3 g6 3. b4 Bg7 4. Bb2 d6 5. Bg2 a5 6. b5 Bg4 7. h3 Bd7 8. a4 c6
9. c4 d5 10. d3 O-O 11. O-O Qc8 12. Kh2 Ng4+ 13. hxg4 Bxb2 14. Ra2 Bg7 15. g5
dxc4 16. dxc4 Be6 17. Rc2 Rd8 18. Rd2 Rxd2 19. Nfxd2 Nd7 20. Qc1 Nb6 21. Qc2
cxb5 22. axb5 Nxc4 23. Nxc4 Qxc4 24. Qxc4 Bxc4 25. Bxb7 Rb8 26. Bc6 Bxb5 27.
Bxb5 Rxb5 28. f4 a4 29. Rc1 f5 30. gxf6 Bxf6 31. Nc3 Rc5 32. Na2 Rxc1 33. Nxc1
e5 34. e3 g5 35. f5 e4 36. Kg2 h5 37. Na2 Kf7 38. Kf2 Be5 0-1

[Event "C.to Italiano U12"]
[Site "Merano - Meran ITA"]
[Date "2008.07.08"]
[Round "3"]
[White "Tirelli, Mauro"]
[Black "Viviani, Alessio"]
[Result "0-1"]
[WhiteElo "1882"]
[BlackElo "1515"]
[PlyCount "90"]
[EventDate "2008.07.06"]

1. e4 d6 2. d4 Nf6 3. Nc3 g6 4. Be3 Bg7 5. f3 O-O 6. Qd2 Re8 7. O-O-O c6 8. Bc4
b5 9. Bb3 a5 10. a3 b4 11. axb4 axb4 12. Nb1 Qa5 13. Bh6 Bxh6 14. Qxh6 Be6 15.
Bxe6 fxe6 16. Qh3 Kf7 17. f4 Qa1 18. Rd3 Ra2 19. Rb3 c5 20. e5 c4 21. Rxb4 Na6
22. Qc3 Nxb4 23. Qxb4 Nd5 24. Qb7 c3 25. bxc3 Nxc3 26. exd6 Nxb1 27. Qxb1 Qxb1+
28. Kxb1 Raa8 29. d7 Red8 30. Nf3 Rdb8+ 31. Kc1 Ra1+ 32. Kd2 Rxh1 33. Ne5+ Kf6
34. Nc6 Ra8 35. Na7 Rf8 36. Nc6 Rxh2 37. d8=Q Rxd8 38. Nxd8 Rxg2+ 39. Kd3 h5
40. c4 h4 41. c5 h3 42. c6 h2 43. c7 h1=Q 44. c8=Q Qd1+ 45. Kc4 Rc2+ 0-1

[Event "C.to Italiano U12"]
[Site "Merano - Meran ITA"]
[Date "2008.07.11"]
[Round "8"]
[White "Donati, Michele"]
[Black "Saroldi, Giacomo"]
[Result "0-1"]
[WhiteElo "1548"]
[BlackElo "1527"]
[PlyCount "108"]
[EventDate "2008.07.06"]

1. c4 e5 2. Nc3 Bc5 3. g3 Nf6 4. Bg2 Nc6 5. d3 a6 6. Nf3 d6 7. O-O O-O 8. a3
Bg4 9. b4 Ba7 10. Bd2 Qd7 11. Re1 Rab8 12. Qc2 Bxf3 13. Bxf3 Nd4 14. Qb2 Nxf3+
15. exf3 Qf5 16. f4 exf4 17. Bxf4 Qxd3 18. Nd5 Nxd5 19. cxd5 Bd4 20. Qc1 Bxa1
21. Qxa1 Qxd5 22. Rd1 Qe6 23. Rd4 h6 24. Kg2 Rfe8 25. Qc3 Qf6 26. Qd2 Re7 27.
Qd3 Rbe8 28. Rd5 g5 29. Be3 Qg6 30. Qxg6+ fxg6 31. Rd2 Rxe3 32. fxe3 Rxe3 33.
a4 Re5 34. Rc2 Re7 35. Kf3 Kf7 36. Rc3 Ke8 37. Rc2 Kd7 38. a5 Re5 39. Rc3 Rb5
40. Rc4 c5 41. bxc5 Rxc5 42. Ra4 Kc6 43. Ke4 Kb5 44. Ra1 b6 45. axb6 Kxb6 46.
Kd4 a5 47. Ra2 Kb5 48. Ra1 a4 49. Rb1+ Ka5 50. Rb2 a3 51. Rb1 Ka4 52. Rb8 a2
53. Ra8+ Ra5 54. Rxa5+ Kxa5 0-1

[Event "C.to Italiano U12"]
[Site "Merano - Meran ITA"]
[Date "2008.07.12"]
[Round "9"]
[White "Saroldi, Giacomo"]
[Black "Barnabei, Stefano"]
[Result "1-0"]
[WhiteElo "1527"]
[BlackElo "1545"]
[PlyCount "127"]
[EventDate "2008.07.06"]

1. e4 d5 2. exd5 Qxd5 3. Nc3 Qa5 4. Nf3 Nf6 5. Bc4 Bg4 6. d3 c6 7. a3 e6 8. Bd2
Qc7 9. h3 Bh5 10. O-O Nbd7 11. Qe2 Bd6 12. Kh1 Ne5 13. Ne4 Nxe4 14. Qxe4 Nxf3
15. gxf3 Bg6 16. Qg4 Be5 17. c3 Bf6 18. Bg5 Qe7 19. Bxf6 Qxf6 20. d4 O-O 21. f4
Bf5 22. Qg3 Bg6 23. Qg5 Qf5 24. Qxf5 Bxf5 25. Kh2 b5 26. Be2 Rac8 27. Rfd1 Rcd8
28. Bd3 Bxd3 29. Rxd3 f6 30. Rad1 Rd5 31. Re1 Kf7 32. Rde3 Re8 33. b4 g6 34.
Kg3 Rd6 35. h4 Ra8 36. Kg4 h5+ 37. Kf3 Re8 38. Rg1 Rd5 39. Rge1 g5 40. fxg5
fxg5 41. hxg5 Rxg5 42. Rh1 Rf5+ 43. Kg2 a5 44. Re5 Rxe5 45. dxe5 axb4 46. axb4
Kg6 47. f4 Rh8 48. Rh4 Rd8 49. Kf3 Rd5 50. Ke4 Rd1 51. Ke3 Rd8 52. Ke4 Rd2 53.
Ke3 Rg2 54. Ke4 Rg3 55. Kd4 Rg4 56. Rxg4+ hxg4 57. Ke3 g3 58. Kf3 Kh5 59. Kxg3
Kg6 60. Kg4 Kf7 61. f5 exf5+ 62. Kxf5 Kf8 63. Ke6 Ke8 64. Kd6 1-0